00401 2200169 4500001002100000005001500021008004100036020001800077035001900095041000700114082001000121090001000131100001400141245002500155260003100180300002000211INLIS00000000001280220241224114432241224||||||||| | ||| |||| || |  a979-526-306-4 0010-1224012802 aid0 a629.2 a629.20 aDaryanto.00aReparasi mesin mobil aJakartabBumi Aksarac2006 avii+139hlm;25cm